[Event "e2e4 Sunningdale Easter 2014"]
[Site "Ascot ENG"]
[Date "2014.04.18"]
[Round "3.4"]
[White "Pert, Nicholas"]
[Black "Forsa, Espen"]
[Result "1-0"]
[WhiteTitle "GM"]
[BlackTitle "FM"]
[WhiteElo "2552"]
[BlackElo "2267"]
[WhiteFideId "403989"]
[BlackFideId "1504436"]
[EventDate "2014.04.17"]

1. d4 d5 2. c4 dxc4 3. e3 e5 4. Bxc4 exd4 5. exd4 Nf6 6. Nf3 Bd6 7. h3 O-O 8.
O-O h6 9. Nc3 c6 10. Ne5 Nbd7 11. Bf4 Nb6 12. Bb3 Be6 13. Bxe6 fxe6 14. Qb3 Nfd5
15. Bg3 a5 16. Ne4 a4 17. Qc2 Bxe5 18. Bxe5 Nd7 19. Bd6 Rf7 20. Rae1 N7f6 21.
Nxf6+ Qxf6 22. Re4 Rd7 23. Be5 Qf5 24. a3 Rf8 25. Qe2 Rdf7 26. Bg3 Rf6 27. Re1
Re8 28. Qc4 Ra8 29. Re5 Qg6 30. R1e4 Qf7 31. Qc2 Qd7 32. Rg4 Rf5 33. Rg6 Nf6 34.
Rxf5 exf5 35. Be5 Kf7 36. Rg3 g6 37. Qc1 Ng8 38. Rc3 h5 39. Rc5 Ne7 40. Qh6 Rg8
41. Qh7+ Ke6 42. Bg3 Kf6 43. Re5 Rg7 44. Bh4+ 1-0

[Event "e2e4 Sunningdale Easter 2014"]
[Site "Ascot ENG"]
[Date "2014.04.18"]
[Round "3.5"]
[White "Mason, Donald J"]
[Black "Hawkins, Jonathan"]
[Result "0-1"]
[BlackTitle "IM"]
[WhiteElo "2212"]
[BlackElo "2518"]
[WhiteFideId "405116"]
[BlackFideId "412686"]
[EventDate "2014.04.17"]

1. c4 Nf6 2. Nc3 g6 3. e4 d6 4. g3 Bg7 5. Bg2 O-O 6. Nge2 e5 7. O-O Be6 8. d3
Qd7 9. Nd5 Na6 10. f4 Nxd5 11. cxd5 Bg4 12. Bf3 Bxf3 13. Rxf3 f5 14. fxe5 fxe4
15. Rxf8+ Rxf8 16. e6 Qb5 17. dxe4 Qc5+ 18. Kh1 Qc4 19. Bf4 Qxe4+ 20. Kg1 Nb4
21. Rc1 Nxd5 22. e7 Re8 0-1

[Event "e2e4 Sunningdale Easter 2014"]
[Site "Ascot ENG"]
[Date "2014.04.18"]
[Round "3.6"]
[White "Gormally, Daniel W"]
[Black "Lock, Gavin R"]
[Result "1-0"]
[WhiteTitle "GM"]
[WhiteElo "2492"]
[BlackElo "2182"]
[WhiteFideId "406465"]
[BlackFideId "408646"]
[EventDate "2014.04.17"]

1. d4 d5 2. c4 e6 3. Nf3 c5 4. cxd5 exd5 5. g3 Nc6 6. Bg2 Nf6 7. O-O Be7 8. dxc5
Bxc5 9. Bg5 O-O 10. Nc3 d4 11. Bxf6 Qxf6 12. Nd5 Qd8 13. Nd2 Re8 14. Rc1 Bf8 15.
Re1 Bg4 16. Nb3 Re5 17. Nf4 Bb4 18. Rf1 Qe8 19. Bf3 Bxf3 20. exf3 Rd8 21. Nd3
Rb5 22. f4 Qe4 23. a3 Bf8 24. Re1 Qf5 25. a4 Rbd5 26. Rc4 h5 27. Qf3 a5 28. Kg2
Nb4 29. Nbc1 b5 30. axb5 Rxb5 31. Re5 Rxe5 32. fxe5 Qe6 33. Rc7 h4 34. gxh4 Be7
35. h5 Nd5 36. Rc2 Bg5 37. Qe4 Nf6 38. Qf3 Ng4 39. Qg3 Bxc1 40. Rxc1 Qd5+ 41.
Kg1 Nh6 42. Re1 Re8 43. Nf4 Qa2 44. e6 fxe6 45. Qg6 Rf8 46. Nxe6 Rf7 47. Ng5 1-0

[Event "e2e4 Sunningdale Easter 2014"]
[Site "Ascot ENG"]
[Date "2014.04.18"]
[Round "3.7"]
[White "Lalic, Bogdan"]
[Black "Dilleigh, Stephen P"]
[Result "1/2-1/2"]
[WhiteTitle "GM"]
[WhiteElo "2485"]
[BlackElo "2136"]
[WhiteFideId "409081"]
[BlackFideId "408379"]
[EventDate "2014.04.17"]

1. d4 d5 2. c4 e6 3. Nc3 Nf6 4. Nf3 Bb4 5. cxd5 exd5 6. Bg5 Nbd7 7. Qc2 c5 8.
dxc5 h6 9. Bd2 Bxc5 10. e3 O-O 11. Be2 a6 12. O-O b5 13. Rfd1 Bb7 14. Be1 Qe7
15. Rac1 Rac8 16. Qd3 Bd6 17. Bf1 Nc5 18. Qb1 Nce4 19. Ne2 Rxc1 20. Rxc1 Rc8 21.
Ned4 Rxc1 22. Qxc1 Qc7 23. Qd1 g6 24. g3 Kg7 25. Qc2 Qxc2 26. Nxc2 Kf8 27. Nfd4
Ke7 28. f3 Nc5 29. Kf2 Nfd7 30. Ke2 Ne5 31. b3 Ne6 32. Bc3 Nxd4+ 33. Nxd4 h5 34.
h3 1/2-1/2

[Event "e2e4 Sunningdale Easter 2014"]
[Site "Ascot ENG"]
[Date "2014.04.18"]
[Round "3.8"]
[White "Wadsworth, Matthew J"]
[Black "Williams, Simon K"]
[Result "1/2-1/2"]
[BlackTitle "GM"]
[WhiteElo "2200"]
[BlackElo "2463"]
[WhiteFideId "415804"]
[BlackFideId "404454"]
[EventDate "2014.04.17"]

1. e4 d6 2. d4 Nf6 3. Nc3 Nbd7 4. g3 g6 5. Bg2 Bg7 6. Nge2 O-O 7. O-O e5 8. h3
c6 9. a4 Re8 10. Be3 exd4 11. Bxd4 b6 12. g4 Nf8 13. f4 Bb7 14. Ng3 d5 15. exd5
cxd5 16. f5 Ne4 17. Ngxe4 dxe4 18. Bxg7 Kxg7 19. Qxd8 Raxd8 20. Rad1 Rxd1 21.
Rxd1 gxf5 22. gxf5 Kf6 23. Nb5 Re7 24. Nd6 Bc6 25. Re1 Nd7 26. Nxe4+ Bxe4 27.
Rxe4 Rxe4 28. Bxe4 Nc5 29. Bc6 Kxf5 30. Kg2 Kf4 31. b4 Ne6 32. Bd5 Ke5 33. Ba2
Kd4 34. c4 Nd8 35. a5 bxa5 36. bxa5 Nc6 37. c5 f6 38. Kf3 Kxc5 39. Kf4 Kd6 40.
a6 Ke7 41. Kf5 Nd4+ 42. Ke4 Ne6 43. Kf5 Ng7+ 44. Kf4 h6 45. h4 Kd6 46. Bc4 Kc5
47. Bd3 Kd5 48. Bb1 Kc4 49. Bc2 Ne6+ 50. Kg4 Ng7 51. Kf4 Kd5 52. Bb3+ Kd6 53.
Bc4 Kd7 54. Bb3 Ke7 55. Ba2 Ne8 56. Kg4 Nd6 57. Kh5 f5 58. Kxh6 Kf6 59. Bd5 f4
60. h5 Nf5+ 61. Kh7 Kg5 62. Bf3 Nd4 63. Bd1 f3 64. Bxf3 Nxf3 65. h6 Nd4 66. Kg7
Nf5+ 67. Kf7 Kxh6 68. Ke6 Kg6 69. Kd7 Kf7 70. Kc7 Ke7 71. Kb7 Kd7 72. Kxa7 Kc7
73. Ka8 Ne7 74. a7 Nd5 1/2-1/2

[Event "e2e4 Sunningdale Easter 2014"]
[Site "Ascot ENG"]
[Date "2014.04.18"]
[Round "3.9"]
[White "Letreguilly, Olivier"]
[Black "Bennett, Dominic L"]
[Result "1-0"]
[WhiteTitle "FM"]
[WhiteElo "2342"]
[BlackElo "1980"]
[WhiteFideId "600997"]
[BlackFideId "416657"]
[EventDate "2014.04.17"]

1. d4 Nf6 2. Nf3 c5 3. d5 e6 4. Nc3 a6 5. e4 b5 6. Bg5 Qa5 7. Nd2 Qc7 8. Bxf6
gxf6 9. Qf3 Be7 10. a4 b4 11. Nd1 Bb7 12. Ne3 h5 13. Ndc4 a5 14. O-O-O d6 15.
Qg3 Kf8 16. Be2 h4 17. Qh3 b3 18. cxb3 e5 19. Bg4 Na6 20. g3 Rb8 21. gxh4 Ba8
22. Nf5 Rb4 23. Rd3 Bb7 24. h5 Nb8 25. h6 Ba6 26. Rc3 Bxc4 27. Rxc4 Qb7 28. Kc2
Na6 29. Be2 Rb6 30. Bd1 Rb4 31. Ne3 Rxb3 32. Kd2 Rxb2+ 33. Bc2 Nb8 34. Rg1 Nd7
35. h7 Ke8 36. Rg8+ Bf8 37. Rxh8 Nb6 38. Rxf8+ Kxf8 39. h8=Q+ Ke7 40. Nf5+ Kd7
41. Nxd6+ Kxd6 42. Qf8+ 1-0

[Event "e2e4 Sunningdale Easter 2014"]
[Site "Ascot ENG"]
[Date "2014.04.18"]
[Round "3.10"]
[White "Balaji, Ananthanarayanan"]
[Black "Sowray, Peter J"]
[Result "0-1"]
[BlackTitle "FM"]
[WhiteElo "1973"]
[BlackElo "2331"]
[WhiteFideId "421197"]
[BlackFideId "400971"]
[EventDate "2014.04.17"]

1. d4 f5 2. g3 Nf6 3. Bg2 g6 4. c3 d6 5. Nh3 Nc6 6. Nd2 e5 7. dxe5 dxe5 8. O-O
Bg7 9. Nc4 Qxd1 10. Rxd1 Ng4 11. Ne3 Nxe3 12. Bxe3 Bd7 13. Bd5 Nd8 14. Ng5 Ba4
15. Rd2 h6 16. Nf3 Bf6 17. Bc5 Rh7 18. h4 Rd7 19. Bg8 Nf7 20. Rxd7 Bxd7 21. Rd1
Be6 22. Bh7 Nh8 23. h5 Kf7 24. Nh4 Bxh4 25. Bxg6+ Nxg6 26. hxg6+ Kxg6 27. gxh4
Kf6 28. Kh2 b6 29. Be3 f4 30. Bc1 Bxa2 31. f3 Bc4 32. e3 Be2 33. Re1 Bxf3 34.
exf4 e4 35. Be3 Kf5 36. Rg1 Rd8 37. Rg7 Rd3 38. Bd4 c5 39. Be5 e3 40. Rg1 e2 41.
c4 Rd1 42. Bc3 Kxf4 43. Be1 h5 44. Kh3 Ke3 45. Kg3 Bg4 46. Rh1 Kd3 47. b3 Kc2
48. Kf2 Kxb3 0-1

[Event "e2e4 Sunningdale Easter 2014"]
[Site "Ascot ENG"]
[Date "2014.04.19"]
[Round "4.1"]
[White "Pert, Nicholas"]
[Black "Tan, Justin2"]
[Result "1/2-1/2"]
[WhiteTitle "GM"]
[BlackTitle "FM"]
[WhiteElo "2552"]
[BlackElo "2363"]
[WhiteFideId "403989"]
[BlackFideId "3206882"]
[EventDate "2014.04.17"]

1. d4 Nf6 2. Nf3 d5 3. c4 e6 4. e3 Be7 5. b3 b6 6. Bd3 Bb7 7. O-O dxc4 8. bxc4
c5 9. Bb2 O-O 10. Nbd2 Nc6 11. Rc1 Re8 12. Bb1 cxd4 13. exd4 Bf8 14. Re1 g6 15.
Ne4 Nxe4 16. Bxe4 Bg7 17. Qd2 Rc8 18. d5 Bxb2 19. Qxb2 Na5 20. dxe6 Rxe6 21.
Bxb7 Rxe1+ 22. Rxe1 Nxb7 1/2-1/2

[Event "e2e4 Sunningdale Easter 2014"]
[Site "Ascot ENG"]
[Date "2014.04.19"]
[Round "4.2"]
[White "Hawkins, Jonathan"]
[Black "Letreguilly, Olivier"]
[Result "1-0"]
[WhiteTitle "IM"]
[BlackTitle "FM"]
[WhiteElo "2518"]
[BlackElo "2342"]
[WhiteFideId "412686"]
[BlackFideId "600997"]
[EventDate "2014.04.17"]

1. d4 e6 2. c4 Nf6 3. Nc3 Bb4 4. e3 O-O 5. Bd3 d5 6. Nf3 c5 7. O-O Nbd7 8. a3
Bxc3 9. bxc3 Qc7 10. cxd5 exd5 11. Bb2 c4 12. Bc2 Re8 13. Nd2 Nf8 14. Re1 Bg4
15. f3 Bh5 16. e4 dxe4 17. Nxe4 Nd5 18. Qd2 Bg6 19. Ba4 Re7 20. Nc5 Rxe1+ 21.
Rxe1 a6 22. Re5 Rd8 23. Bc1 Qc8 24. Qb2 f6 25. Re1 b6 26. Ne4 Qc7 27. Bd2 h6 28.
Qc1 Nh7 29. Bc2 Nf8 30. Qb1 Qf7 31. Re2 Bh7 32. Qe1 f5 33. Ng3 f4 34. Ne4 Bf5
35. Qh4 Ne6 36. Nf6+ Qxf6 37. Qxf6 gxf6 38. Bxf5 Ng7 39. Be4 Nh5 40. Bg6 Ng7 41.
g4 fxg3 42. hxg3 h5 43. Rh2 Ne7 44. Bxh5 Rd5 45. Bg4 Rb5 46. Bd7 Rb3 47. a4 Nd5
48. Bc8 Nc7 49. Bb7 b5 50. axb5 Rxb5 51. Bc6 Rb1+ 52. Kg2 Rb2 53. Kh3 Nf5 54.
Bf4 Rxh2+ 55. Kxh2 Nb5 56. Bd5+ Kg7 57. Bxc4 Nxc3 58. d5 Nb5 59. g4 Nfd4 60. Kg3
a5 61. Kf2 a4 62. d6 Kf8 63. Ke3 1-0

[Event "e2e4 Sunningdale Easter 2014"]
[Site "Ascot ENG"]
[Date "2014.04.19"]
[Round "4.3"]
[White "Longson, Alexander"]
[Black "Gormally, Daniel W"]
[Result "0-1"]
[WhiteTitle "FM"]
[BlackTitle "GM"]
[WhiteElo "2337"]
[BlackElo "2492"]
[WhiteFideId "408093"]
[BlackFideId "406465"]
[EventDate "2014.04.17"]

1. e4 c5 2. Nf3 d6 3. Bb5+ Nd7 4. d4 Nf6 5. Nc3 cxd4 6. Qxd4 e5 7. Qd3 h6 8. Be3
Be7 9. Bc4 a6 10. a4 Qa5 11. O-O Nc5 12. Bxc5 Qxc5 13. Nd5 Nxd5 14. Qxd5 Qxd5
15. Bxd5 Rb8 16. Rfd1 O-O 17. c4 Bg4 18. Rd3 Rfc8 19. a5 b5 20. axb6 Rxb6 21. b3
g6 22. h3 Bd7 23. Ra5 Kf8 24. c5 Rb5 25. Rxa6 Rbxc5 26. Bc4 Bb5 27. Bxb5 Rxb5
28. Nd2 Rc1+ 29. Kh2 Rd1 30. Ra8+ Kg7 31. Ra7 Kf6 32. Rf3+ Ke6 33. Nc4 Rd4 34.
Re3 Bg5 35. Rf3 Rxe4 36. Rfxf7 Rxb3 37. Nxd6 Kxd6 38. Ra6+ Kd5 39. Rd7+ Kc5 40.
Rc7+ Kb5 41. Rxg6 Rf4 42. Rb7+ Kc4 43. Rxb3 Kxb3 44. Kg1 Kc4 45. g3 Rd4 46. h4
Bd2 47. Kg2 Kd3 48. Ra6 Ke2 49. Re6 e4 50. Rf6 h5 51. Rf5 Be1 52. Rf4 Rb4 53.
Kg1 Kd3 54. Kf1 Rb1 55. Rf8 Bb4+ 56. Kg2 0-1

[Event "e2e4 Sunningdale Easter 2014"]
[Site "Ascot ENG"]
[Date "2014.04.19"]
[Round "4.4"]
[White "Hunt, Adam C"]
[Black "Jackson, James P"]
[Result "1-0"]
[WhiteTitle "IM"]
[WhiteElo "2434"]
[BlackElo "2283"]
[WhiteFideId "403970"]
[BlackFideId "416860"]
[EventDate "2014.04.17"]

1. e4 g6 2. d4 Bg7 3. Nc3 d6 4. Be3 a6 5. Qd2 b5 6. f3 Bb7 7. O-O-O Nd7 8. g4 h5
9. gxh5 Rxh5 10. Nge2 Ngf6 11. Ng3 Rh8 12. h4 c6 13. Be2 Qa5 14. a3 O-O-O 15.
Kb1 Qc7 16. f4 c5 17. dxc5 Nxc5 18. Bf3 e6 19. Qf2 Nfd7 20. Bd4 e5 21. fxe5 Nxe5
22. Nge2 f5 23. Nd5 Qf7 24. Bg2 Ne6 25. Bb6 Rde8 26. Rhf1 Nc4 27. Nec3 f4 28.
Bh3 Be5 29. Bd4 Kb8 30. Bxe6 Rxe6 31. b3 Na5 32. Ne2 Nc6 33. Be3 Ree8 34. Bxf4
Ref8 35. Qb6 Qd7 36. Bxe5 Rxf1 37. Bxd6+ Qxd6 38. Rxf1 Rf8 39. Rxf8+ Qxf8 40.
Qc7+ Ka7 41. Nef4 Qc5 42. Ne6 Qf2 43. Kb2 a5 44. Qd6 b4 45. axb4 axb4 46. Qc5+
Qxc5 47. Nxc5 Ne5 48. Nxb7 Kxb7 49. Nxb4 Nf3 50. Kc3 Kc7 51. Kd3 Kd6 52. Ke3
Nxh4 53. Nd3 g5 54. b4 g4 55. Kf2 Nf3 56. Kg3 Nd2 57. e5+ Kd5 58. Kxg4 Nc4 59.
Kf4 Na3 60. c3 Nb5 61. Kf5 Kc4 62. Nf4 Nxc3 63. e6 Nb5 64. e7 Kxb4 65. Ke5 Nc7
66. Nd5+ 1-0

[Event "e2e4 Sunningdale Easter 2014"]
[Site "Ascot ENG"]
[Date "2014.04.19"]
[Round "4.5"]
[White "Eggleston, David J"]
[Black "Sowray, Peter J"]
[Result "1-0"]
[WhiteTitle "IM"]
[BlackTitle "FM"]
[WhiteElo "2402"]
[BlackElo "2331"]
[WhiteFideId "412120"]
[BlackFideId "400971"]
[EventDate "2014.04.17"]

1. e4 d6 2. d4 Nf6 3. Nc3 g6 4. Be3 c6 5. f3 Nbd7 6. Qd2 b5 7. Nge2 Bb7 8. g3 a6
9. Bg2 c5 10. d5 Bg7 11. Bh6 Bxh6 12. Qxh6 Qc7 13. O-O O-O-O 14. a3 Kb8 15. b4
Nb6 16. Rfb1 e6 17. dxe6 fxe6 18. Kh1 e5 19. a4 cxb4 20. Rxb4 d5 21. Qg5 Qd6 22.
Rab1 d4 23. Nxb5 axb5 24. Rxb5 Nfd7 25. a5 Rc8 26. Qd2 Rc5 27. Rxc5 Qxc5 28.
axb6 Nxb6 29. c3 Nc4 30. Qd3 Rd8 31. cxd4 exd4 32. Nf4 Rd6 33. Rc1 Ba6 34. Bf1
Qa3 35. Rxc4 Qxd3 36. Rb4+ Qb5 37. Bxb5 Rb6 38. Ne6 d3 39. Nc5 d2 40. Nxa6+ Ka7
41. Be2 1-0

[Event "e2e4 Sunningdale Easter 2014"]
[Site "Ascot ENG"]
[Date "2014.04.19"]
[Round "4.6"]
[White "Rudd, Jack"]
[Black "Lalic, Bogdan"]
[Result "0-1"]
[WhiteTitle "IM"]
[BlackTitle "GM"]
[WhiteElo "2218"]
[BlackElo "2485"]
[WhiteFideId "405736"]
[BlackFideId "409081"]
[EventDate "2014.04.17"]

1. Nf3 Nf6 2. c4 e6 3. Nc3 Bb4 4. Qb3 c5 5. e3 Nc6 6. d4 cxd4 7. exd4 d5 8. c5
Ne4 9. Be3 Qa5 10. Rc1 b6 11. cxb6 axb6 12. a3 Bxc3+ 13. bxc3 Ba6 14. Bxa6 Rxa6
15. O-O Qxa3 16. Qxa3 Rxa3 17. c4 dxc4 18. Rxc4 Rc3 19. Ra4 O-O 20. Rb1 Ne7 21.
Rxb6 Nd5 22. Rb1 Nxe3 23. fxe3 Rxe3 24. Ra7 Rd3 25. h4 Nd2 26. Nxd2 Rxd2 27. Rd7
h5 28. Rb5 g6 29. d5 e5 30. d6 Ra8 31. Rxe5 Raa2 32. Rg5 Ra1+ 33. Kh2 Ra4 34.
Kh3 Rdd4 35. Re5 Rxh4+ 36. Kg3 Rad4 37. Re8+ Kg7 38. Ree7 Rhf4 39. Rb7 h4+ 0-1

[Event "e2e4 Sunningdale Easter 2014"]
[Site "Ascot ENG"]
[Date "2014.04.19"]
[Round "4.7"]
[White "Williams, Simon K"]
[Black "Whitehead, David J"]
[Result "1-0"]
[WhiteTitle "GM"]
[WhiteElo "2463"]
[BlackElo "2013"]
[WhiteFideId "404454"]
[BlackFideId "406813"]
[EventDate "2014.04.17"]

1. d4 Nf6 2. c4 g6 3. Nc3 Bg7 4. e4 d6 5. Be2 O-O 6. Be3 e5 7. d5 Nbd7 8. g4 Nc5
9. f3 Ne8 10. b4 Na6 11. a3 f5 12. h4 f4 13. Bf2 c5 14. Rb1 b6 15. Qa4 Nac7 16.
Bf1 Bd7 17. Qb3 a5 18. bxc5 bxc5 19. g5 Bh8 20. Bh3 Ng7 21. Bxd7 Qxd7 22. Nge2
Nh5 23. Qa4 Qc8 24. Kd2 Ng3 25. Rhg1 Nxe2 26. Kxe2 Bg7 27. Rb6 Rd8 28. Qc6 Bf8
29. Rgb1 Ne8 30. Rb7 Ng7 31. Qxc8 Rdxc8 32. Na4 Rd8 33. Be1 Nh5 34. R1b5 h6 35.
Kf1 hxg5 36. hxg5 Re8 37. Kg2 Be7 38. Bh4 Ng3 39. Rb2 Nh5 40. Nc3 Kf8 41. R2b6
Ng7 42. Nb5 Red8 43. Kh3 a4 44. Kg4 Ne8 45. Be1 Rdc8 46. Bc3 Rd8 47. Na7 Ng7 48.
Nc6 Re8 49. Rd7 Bd8 50. Rbb7 Nh5 51. Rxd6 1-0

[Event "e2e4 Sunningdale Easter 2014"]
[Site "Ascot ENG"]
[Date "2014.04.19"]
[Round "4.8"]
[White "Dilleigh, Stephen P"]
[Black "Arkell, Keith C"]
[Result "0-1"]
[BlackTitle "GM"]
[WhiteElo "2136"]
[BlackElo "2461"]
[WhiteFideId "408379"]
[BlackFideId "400270"]
[EventDate "2014.04.17"]

1. Nf3 c5 2. c4 g6 3. d4 cxd4 4. Nxd4 Bg7 5. e4 Nc6 6. Be3 d6 7. Nc3 Nf6 8. Be2
O-O 9. O-O Nxd4 10. Bxd4 Nd7 11. Bxg7 Kxg7 12. Qd4+ f6 13. Rfd1 a5 14. Bg4 Ra6
15. Be6 Ne5 16. Bxc8 Qxc8 17. b3 Rc6 18. f4 Nf7 19. Nd5 Re8 20. Rf1 Rc5 21. a4
Qd8 22. Rad1 e6 23. Nxf6 Qxf6 24. e5 Qf5 25. exd6+ Kg8 26. d7 Rd8 27. h3 Rc6 28.
g4 Qc5 29. f5 Qxd4+ 30. Rxd4 gxf5 31. gxf5 e5 32. Rd5 b6 33. Rfd1 Kf8 34. Kg2
Ke7 35. Kf3 Rh6 36. Kg3 Rd6 0-1

[Event "e2e4 Sunningdale Easter 2014"]
[Site "Ascot ENG"]
[Date "2014.04.19"]
[Round "4.9"]
[White "Petrov, Marijan"]
[Black "Wadsworth, Matthew J"]
[Result "1-0"]
[WhiteTitle "GM"]
[WhiteElo "2455"]
[BlackElo "2200"]
[WhiteFideId "2901773"]
[BlackFideId "415804"]
[EventDate "2014.04.17"]

1. e4 e6 2. d4 d5 3. e5 c5 4. c3 Qb6 5. Nf3 Nc6 6. a3 Nh6 7. b4 cxd4 8. cxd4 Nf5
9. Bb2 Be7 10. Bd3 a5 11. Qa4 O-O 12. b5 Nh4 13. Nxh4 Bxh4 14. O-O Bd7 15. Nc3
Na7 16. Qd1 Be7 17. Na4 Qd8 18. Qb3 Qe8 19. Nb6 Rb8 20. a4 Nc8 21. Nxd7 Qxd7 22.
Bc3 b6 23. f4 f5 24. exf6 Rxf6 25. Rac1 Nd6 26. Bb2 g5 27. fxg5 Rxf1+ 28. Bxf1
Bxg5 29. Qg3 Qd8 30. h4 Ne4 31. Qg4 Qf6 32. hxg5 Qf2+ 33. Kh2 Rf8 34. Qxe6+ 1-0

[Event "e2e4 Sunningdale Easter 2014"]
[Site "Ascot ENG"]
[Date "2014.04.19"]
[Round "4.10"]
[White "Player, Edmund C"]
[Black "Seymour, Timothy P"]
[Result "1-0"]
[WhiteElo "2246"]
[BlackElo "2079"]
[WhiteFideId "406520"]
[BlackFideId "412112"]
[EventDate "2014.04.17"]

1. e4 e5 2. Nf3 Nc6 3. Nc3 Nf6 4. g3 d5 5. exd5 Nd4 6. Bg2 Bg4 7. d3 Bb4 8. O-O
O-O 9. Be3 Qc8 10. a3 Bd6 11. Bxd4 exd4 12. Ne2 Bc5 13. Qd2 Bxf3 14. Bxf3 Qf5
15. Qf4 Qxf4 16. Nxf4 Rad8 17. Rfe1 a5 18. Rab1 a4 19. Re2 g5 20. Nh5 Nxh5 21.
Bxh5 Rxd5 22. Bf3 Rf5 23. Bg4 Rd5 24. Bf3 Rf5 25. Be4 Rf6 26. Bxb7 Rb8 27. Re5
h6 28. Rxc5 Rxb7 29. Rc4 Rfb6 30. Rxa4 Rxb2 31. Rxb2 Rxb2 32. Rc4 Ra2 33. a4 Kg7
34. Kg2 Kg6 35. Rxc7 Rxa4 36. Rc6+ f6 37. Kf3 Kf5 38. Rc5+ Ke6 39. Ke4 Rb4 40.
Rc6+ Ke7 41. h4 gxh4 42. gxh4 Kf7 43. Rc4 Rb5 44. Rxd4 Rh5 45. Kf3 Ke6 46. c4
Rf5+ 47. Kg3 Ra5 48. Rd5 Ra3 49. Kf3 Rc3 50. Ke3 f5 51. Rb5 Kf6 52. Rb6+ Kg7 53.
h5 Rc1 54. Rg6+ Kf7 55. Rxh6 Rh1 56. c5 Kg7 57. Rg6+ Kf7 58. Rg5 Kf6 59. f4 Re1+
60. Kd4 Rf1 61. Rg6+ Kf7 62. Ke5 Rc1 63. d4 1-0

[Event "e2e4 Sunningdale Easter 2014"]
[Site "Ascot ENG"]
[Date "2014.04.19"]
[Round "5.1"]
[White "Tan, Justin2"]
[Black "Hawkins, Jonathan"]
[Result "1/2-1/2"]
[WhiteTitle "FM"]
[BlackTitle "IM"]
[WhiteElo "2363"]
[BlackElo "2518"]
[WhiteFideId "3206882"]
[BlackFideId "412686"]
[EventDate "2014.04.17"]

1. e4 c6 2. d4 d5 3. exd5 cxd5 4. c4 Nf6 5. Nc3 Nc6 6. Nf3 Bg4 7. cxd5 Nxd5 8.
Qb3 Bxf3 9. gxf3 e6 10. Qxb7 Nxd4 11. Bb5+ Nxb5 12. Qc6+ Ke7 13. Qxb5 Qd7 14.
Nxd5+ Qxd5 15. Bg5+ f6 16. Qxd5 exd5 17. Be3 Ke6 18. O-O-O 1/2-1/2

[Event "e2e4 Sunningdale Easter 2014"]
[Site "Ascot ENG"]
[Date "2014.04.19"]
[Round "5.2"]
[White "Gormally, Daniel W"]
[Black "Hunt, Adam C"]
[Result "1/2-1/2"]
[WhiteTitle "GM"]
[BlackTitle "IM"]
[WhiteElo "2492"]
[BlackElo "2434"]
[WhiteFideId "406465"]
[BlackFideId "403970"]
[EventDate "2014.04.17"]

1. e4 c5 2. Nf3 d6 3. d4 cxd4 4. Nxd4 Nf6 5. Nc3 a6 6. h3 b5 7. Nd5 e6 8. Nxf6+
Qxf6 9. a4 b4 10. Bd3 Bd7 11. Nb3 Be7 12. a5 Bc6 13. Qe2 O-O 14. O-O Bb7 15. f4
Nc6 16. Qf2 Bd8 17. Be3 Bc7 18. Bb6 Qd8 19. Bxc7 Qxc7 20. Qh4 e5 21. f5 f6 22.
Qf2 Rfd8 23. Qb6 Qxb6+ 24. axb6 Rdb8 25. Bc4+ Kf8 26. Rfd1 Ke7 27. Rd3 a5 28.
Bb5 Nd8 29. Nd2 Nf7 30. Bc4 Nd8 31. Rg3 Kf8 32. Rd3 Ke7 33. Rg3 Kf8 34. Rd3 1/2-1/2

[Event "e2e4 Sunningdale Easter 2014"]
[Site "Ascot ENG"]
[Date "2014.04.19"]
[Round "5.3"]
[White "Lalic, Bogdan"]
[Black "Eggleston, David J"]
[Result "1/2-1/2"]
[WhiteTitle "GM"]
[BlackTitle "IM"]
[WhiteElo "2485"]
[BlackElo "2402"]
[WhiteFideId "409081"]
[BlackFideId "412120"]
[EventDate "2014.04.17"]

1. d4 Nf6 2. c4 e6 3. g3 d5 4. Bg2 Be7 5. Nf3 O-O 6. O-O dxc4 7. Qc2 a6 8. a4
Bd7 9. Qxc4 Bc6 10. Bg5 Bd5 11. Qd3 c5 12. Nc3 Bc6 13. dxc5 Qxd3 14. exd3 Bxc5
15. Bxf6 gxf6 16. d4 Bxf3 1/2-1/2

[Event "e2e4 Sunningdale Easter 2014"]
[Site "Ascot ENG"]
[Date "2014.04.19"]
[Round "5.4"]
[White "Arkell, Keith C"]
[Black "Pert, Nicholas"]
[Result "1/2-1/2"]
[WhiteTitle "GM"]
[BlackTitle "GM"]
[WhiteElo "2461"]
[BlackElo "2552"]
[WhiteFideId "400270"]
[BlackFideId "403989"]
[EventDate "2014.04.17"]

1. d4 d5 2. c4 c6 3. Nf3 Nf6 4. Nc3 dxc4 5. a4 Bf5 6. e3 e6 7. Bxc4 Bb4 8. O-O
Nbd7 9. Qe2 Bg6 10. e4 O-O 11. e5 Nd5 12. Nxd5 cxd5 13. Bd3 Rc8 14. Bxg6 hxg6
15. Rd1 Rc4 16. h4 Qc7 17. Ng5 Be7 18. h5 Rc2 19. Qg4 gxh5 20. Qxh5 Bxg5 21.
Bxg5 f6 22. exf6 Nxf6 23. Qh3 Ne4 24. Qxe6+ Qf7 25. Qxf7+ Rxf7 26. Be3 Nxf2 1/2-1/2

[Event "e2e4 Sunningdale Easter 2014"]
[Site "Ascot ENG"]
[Date "2014.04.19"]
[Round "5.5"]
[White "Petrov, Marijan"]
[Black "Williams, Simon K"]
[Result "1/2-1/2"]
[WhiteTitle "GM"]
[BlackTitle "GM"]
[WhiteElo "2455"]
[BlackElo "2463"]
[WhiteFideId "2901773"]
[BlackFideId "404454"]
[EventDate "2014.04.17"]

1. e4 e6 2. Qe2 c5 3. Nf3 Nc6 4. g3 d6 5. Bg2 g6 6. c3 Bg7 7. O-O Nge7 8. Rd1 e5
9. a3 O-O 10. b4 Be6 11. Bb2 Qb6 12. d3 a5 13. bxc5 dxc5 14. a4 Nc8 15. Na3 Nd6
16. Rdb1 Qd8 17. Bc1 h6 18. Nd2 Ne7 19. Nf1 Bd7 20. Nc4 Nxc4 21. dxc4 Bc6 22.
Ne3 Qc7 23. Nd5 Bxd5 24. cxd5 Nc8 25. h4 Nd6 26. h5 g5 27. Bh3 Rfe8 28. Ra2 Bf6
29. Rab2 Bd8 30. f3 Qe7 31. Be3 b6 32. c4 Ra6 1/2-1/2

[Event "e2e4 Sunningdale Easter 2014"]
[Site "Ascot ENG"]
[Date "2014.04.19"]
[Round "5.6"]
[White "Letreguilly, Olivier"]
[Black "Player, Edmund C"]
[Result "1/2-1/2"]
[WhiteTitle "FM"]
[WhiteElo "2342"]
[BlackElo "2246"]
[WhiteFideId "600997"]
[BlackFideId "406520"]
[EventDate "2014.04.17"]

1. d4 d5 2. Nf3 Nf6 3. c4 dxc4 4. e3 Bg4 5. Bxc4 e6 6. Nbd2 a6 7. h3 Bh5 8. O-O
c5 9. dxc5 Bxc5 10. a3 Nbd7 11. b4 Ba7 12. Bb2 Rc8 13. Rc1 Bb8 14. Bb3 O-O 15.
Rxc8 Qxc8 16. Qa1 b5 17. Rc1 Qb7 18. Bd1 Rc8 19. Be2 Rxc1+ 20. Qxc1 Qc7 21. Qxc7
Bxc7 22. Bd3 Nd5 23. Be4 Bg6 24. Bxg6 hxg6 25. Kf1 f6 26. Ke2 Kf7 27. g3 e5 28.
e4 N5b6 29. Ne1 Nf8 30. Nc2 Ne6 31. Kd3 Ke7 32. Ne3 Kd6 33. Nb3 Na4 34. Bc1 Bb6
35. Nd1 Nd4 36. Nd2 a5 37. Ne3 Nc6 38. bxa5 Nc5+ 39. Kc2 Nd4+ 40. Kd1 Bxa5 41.
Ndc4+ bxc4 42. Nxc4+ Kc6 43. Nxa5+ Kb5 44. Bd2 Nxe4 45. Be1 Nxf2+ 46. Bxf2 Kxa5
47. Bxd4 exd4 48. Kd2 Ka4 49. Kd3 Kxa3 50. Kxd4 Kb3 51. Kd5 Kc3 52. Ke6 Kd3 53.
Kf7 Ke4 54. Kxg6 Kf3 55. Kxg7 Kxg3 56. Kxf6 1/2-1/2